00446nam a2200193Ia 4500003000400000005001700004008004100021020001400062040000700076041000800083082001300091100002000104245002100124260004100145300001600186365001300202650002200215650001500237OSt20230327101741.0210423s2007 xx 000 0 und d a415229294 cAL aeng a193 CLAT aCLARK (Timothy) aMartin Heidegger aLondonbRoutledge & Kegan Paulc2007 axiv,184bPB b220cINR aModern Philosophy aPhilosophy